00237nam a2200109Ia 4500008004100000041001200041082001100053100000900064245004100073260000600114650000700120221030s9999 xx 000 0 und d aEnglish a105.23 aNIIT 0aWorking With Novell Networkcby NIIT c0 aMc